000 00447nam a2200181Ia 4500
005 20251020182530.0
008 200515s9999 xx 000 0 und d
082 _a699.844+699.86/R86
100 _aROUGERON, Claude
245 0 _aAislamiento acústico y térmico en la construcción
260 _aBarcelona
260 _c1977
500 _a1 ejemplar
650 _aACUSTICA
650 _aAISLAMIENTO TERMICO
650 _aLIB
942 _cLIB
999 _c2057
_d2057